Geography Random Tile Select - Statistics

General Stats
  • This quiz has been taken 1,001 times
  • The average score is 71 of 96
Answer Stats
Question Tile Select % Correct
Flags of Countries in Europe Yes
98%
Flags of Countries in Europe No
98%
Island Countries Andorra No
98%
Countries that border Russia Belarus Yes
98%
Countries that border Russia Ukraine Yes
98%
Island Countries United Arab Emirates No
98%
Island Countries Uruguay No
98%
Flags of Countries in Europe No
97%
Flags of Countries in Europe Yes
97%
Flags of Countries in Europe No
97%
Capitals of Countries in Europe Nur-Sultan No
97%
Capitals of Countries in Europe Ottawa No
97%
Flags of Countries in Asia Yes
96%
Countries that border France Algeria No
96%
Capitals of Countries in Asia Bridgetown No
96%
Capitals of Countries in Asia Majuro No
96%
Island Countries Maldives Yes
96%
Countries that border France Malta No
96%
Landlocked Countries Panama No
96%
Countries that border France Portugal No
96%
Capitals of Countries in Asia Pyongyang Yes
96%
Capitals of Countries in Europe Cairo No
95%
Capitals of Countries in Europe Dili No
95%
Countries that border Saudi Arabia Djibouti No
95%
Countries that border Saudi Arabia Eritrea No
95%
Capitals of Countries in Europe Havana No
95%
Capitals of Countries in Europe Lisbon Yes
95%
Countries that border only one other country Nepal No
95%
Countries that border Saudi Arabia Pakistan No
95%
Capitals of Countries in Europe Stockholm Yes
95%
Countries that border Saudi Arabia Sudan No
95%
Capitals of Countries in Asia Belgrade No
94%
Countries that border Russia Finland Yes
94%
Islands larger than 100,000 km2 Greenland Yes
94%
Island Countries Malta Yes
94%
Island Countries Qatar No
94%
Countries that border France Spain Yes
94%
Capitals of Countries in the Americas Bangui No
93%
Countries that border only one other country Bhutan No
93%
Countries that border only one other country Equatorial Guinea No
93%
Countries that border only one other country Greece No
93%
Landlocked Countries Hungary Yes
93%
Capitals of Countries in the Americas Madrid No
93%
Island Countries Monaco No
93%
Landlocked Countries Peru No
93%
Island Countries Saint Lucia Yes
93%
Island Countries South Korea No
93%
Countries that border only one other country South Korea Yes
93%
Capitals of Countries in the Americas Tokyo No
93%
Flags of Countries in Europe No
92%
Flags of Countries in Europe No
92%
Flags of Countries in Asia No
92%
Capitals of Countries in Europe Brussels Yes
92%
Countries that border Brazil Costa Rica No
92%
Capitals of Countries in Asia Georgetown No
92%
Countries that border Russia Mongolia Yes
92%
Capitals of Countries in Europe Moroni No
92%
Capitals of Countries in Europe Reykjavík Yes
92%
Countries that border Germany Slovenia No
92%
Countries with Spanish as an official language Spain Yes
92%
Countries that border Germany Sweden No
92%
Countries that border Brazil United Kingdom No
92%
Countries with French as an official language United Kingdom No
92%
Shapes of Countries in North America No
91%
Capitals of Countries in the Americas Canberra No
91%
Countries that border only one other country Indonesia No
91%
Countries that border only one other country Ireland Yes
91%
Countries with French as an official language Italy No
91%
Capitals of Countries in the Americas Ngerulmud No
91%
Countries that border Brazil Paraguay Yes
91%
Countries that border only one other country Portugal Yes
91%
Islands larger than 100,000 km2 Spitsbergen No
91%
Countries that border only one other country Sweden No
91%
Countries that border Brazil Trinidad and Tobago No
91%
Countries that border Saudi Arabia United Arab Emirates Yes
91%
Countries that border Saudi Arabia Yemen Yes
91%
Flags of Countries in Europe Yes
90%
Flags of Countries in Asia No
90%
Flags of Countries in Asia Yes
90%
Countries with English as an official language Canada Yes
90%
Countries that border Russia China Yes
90%
Countries that border Russia Germany No
90%
Countries that border Russia Iran No
90%
Capitals of Countries in Europe Lima No
90%
Capitals of Countries in Asia Lusaka No
90%
Countries with English as an official language New Zealand Yes
90%
Countries that border Germany Norway No
90%
Capitals of Countries in Asia Rabat No
90%
Countries that border Germany Russia No
90%
Countries larger than 1,000,000 km2 Russia Yes
90%
Countries with Arabic as an official language Saudi Arabia Yes
90%
Countries that border Russia Sweden No
90%
Countries with English as an official language United Kingdom Yes
90%
Flags of Countries in Europe No
89%
Shapes of Countries in North America No
89%
Shapes of Countries in North America No
89%
Capitals of Countries - Country begins with M or S Addis Ababa No
89%
Countries that border Brazil Argentina Yes
89%
Island Countries Belize No
89%
Countries whose flag contains red, white and blue
*Can also have other colors
Jamaica No
89%
Countries that border Brazil Panama No
89%
Capitals of Countries - Country begins with M or S Taipei No
89%
Countries in the top 20 most populous United States Yes
89%
Countries with a GDP of over $750 billion
*GDP nominal, US Dollar, IMF 2021
United States Yes
89%
Flags of Countries in Asia No
88%
Countries with Portuguese as an official language Andorra No
88%
Countries with Arabic as an official language Central African Republic No
88%
Countries with Spanish as an official language Costa Rica Yes
88%
Countries with Spanish as an official language Cuba Yes
88%
Countries with Portuguese as an official language Eswatini No
88%
Countries that border 7 or more countries Indonesia No
88%
Countries that border Russia Moldova No
88%
Countries larger than 1,000,000 km2 Myanmar No
88%
Capitals of Countries in the Americas Panama City Yes
88%
Capitals of Countries in Oceania Riga No
88%
Capitals of Countries in Asia Riyadh Yes
88%
Countries with Arabic as an official language United Arab Emirates Yes
88%
Capitals of Countries - Country begins with A or B Vilnius No
88%
Flags of Countries in Europe Yes
87%
Capitals of Countries - Country begins with M or S Abuja No
87%
Countries that border France Belgium Yes
87%
Capitals of Countries in Europe Bucharest Yes
87%
Capitals of Countries - Country begins with M or S Conakry No
87%
Countries with a GDP of over $750 billion
*GDP nominal, US Dollar, IMF 2021
Cyprus No
87%
Countries that border Germany Czech Republic Yes
87%
Countries that border France Guyana No
87%
Island Countries Haiti Yes
87%
Capitals of Countries - Country begins with M or S Luanda No
87%
Countries that border Germany Luxembourg Yes
87%
Islands larger than 100,000 km2 Madagascar Yes
87%
Islands larger than 100,000 km2 Mindanao No
87%
Countries with French as an official language Monaco Yes
87%
Island Countries Nauru Yes
87%
Countries that border Germany Netherlands Yes
87%
Rivers in the Top 20 by Length Nile Yes
87%
Countries that border China Philippines No
87%
Countries that border Germany Poland Yes
87%
Countries with Spanish as an official language Portugal No
87%
Landlocked Countries Rwanda Yes
87%
Capitals of Countries in Europe Tallinn Yes
87%
Countries that border France United Kingdom No
87%
Countries with a GDP of over $750 billion
*GDP nominal, US Dollar, IMF 2021
United Kingdom Yes
87%
Flags of Countries in Asia No
86%
Shapes of Countries in Africa No
86%
Shapes of Countries in North America No
86%
Shapes of Countries in North America No
86%
Shapes of Countries in North America No
86%
Shapes of Countries in North America Yes
86%
Capitals of Countries in the Americas Apia No
86%
Countries in the Southern Hemisphere
*Could be entirely, mostly or partially below the Equator
Australia Yes
86%
Countries that border only one other country Belize No
86%
Countries that border only one other country Canada Yes
86%
Countries that border the Mediterranean Sea
*Includes Marginal Seas, but not the Black Sea
Cyprus Yes
86%
Countries that border the Mediterranean Sea
*Includes Marginal Seas, but not the Black Sea
Italy Yes
86%
Countries where at least one of the top three most populous Cities begin with A, B or C
*City Proper Population
Italy No
86%
Countries that border Saudi Arabia Oman Yes
86%
Countries with Portuguese as an official language Portugal Yes
86%
Countries smaller than 1,000 km2 San Marino Yes
86%
Countries where at least one of the top three most populous Cities begin with A, B or C
*City Proper Population
Ukraine No
86%
Countries that are Republics United Arab Emirates No
86%
Flags of Countries in Europe Yes
85%
Countries that border Russia Afghanistan No
85%
Countries with French as an official language Belgium Yes
85%
Countries with French as an official language Canada Yes
85%
Capitals of Countries in Oceania Canberra Yes
85%
Countries that border the Caribbean Sea Chile No
85%
Countries in the top 20 most populous China Yes
85%
Landlocked Countries Czech Republic Yes
85%
Countries that border the Caribbean Sea Dominican Republic Yes
85%
Countries with English as an official language France No
85%
Countries that border France Germany Yes
85%
Countries with Spanish as an official language Guatemala Yes
85%
Countries that border China India Yes
85%
Countries that border China Iran No
85%
Landlocked Countries Kazakhstan Yes
85%
Capitals of Countries in Oceania La Paz No
85%
Countries in the top 20 most populous Myanmar No
85%
Countries that border China Nepal Yes
85%
Countries with Arabic as an official language Nigeria No
85%
Countries with Spanish as an official language Panama Yes
85%
Capitals of Countries - Country begins with A or B Praia No
85%
Countries that border the Caribbean Sea Spain No
85%
Countries that border Brazil Suriname Yes
85%
Countries that border France Switzerland Yes
85%
Capitals of Countries - Country begins with M or S Tashkent No
85%
Countries with English as an official language Togo No
85%
Countries with Spanish as an official language Uruguay Yes
85%
Capitals of Countries in Europe Valletta Yes
85%
Capitals of Countries in Oceania Wellington Yes
85%
Capitals of Countries - Country begins with A or B Zagreb No
85%
Flags of Countries in Asia No
84%
Flags of Countries in Asia Yes
84%
Shapes of Countries in North America Yes
84%
Countries with land on the Equator Angola No
84%
Countries that gained independence after 1988 Bangladesh No
84%
Landlocked Countries Bolivia Yes
84%
Capitals of Countries in the Americas Brasília Yes
84%
Countries with a GDP per capita of over $45,000
*GDP per capita nominal, US Dollar, World Bank 2019
Burundi No
84%
Countries that border Saudi Arabia Jordan Yes
84%
Countries that border the Mediterranean Sea
*Includes Marginal Seas, but not the Black Sea
Malta Yes
84%
Countries whose flag contains red, white and blue
*Can also have other colors
Nigeria No
84%
Countries with Portuguese as an official language Paraguay No
84%
Countries with official territorial claims below 60°S (Antarctica) Portugal No
84%
Countries that border Saudi Arabia Qatar Yes
84%
Countries with official territorial claims below 60°S (Antarctica) Spain No
84%
Countries that border the Mediterranean Sea
*Includes Marginal Seas, but not the Black Sea
Turkey Yes
84%
Shapes of Countries in Africa No
83%
Shapes of Countries in Africa Yes
83%
Shapes of Countries in Africa No
83%
Shapes of Countries in Africa No
83%
Countries that border Brazil Bolivia Yes
83%
Countries with Spanish as an official language Brazil No
83%
Capitals of Countries - Country begins with A or B Buenos Aires Yes
83%
Countries that are Republics Dominican Republic Yes
83%
Countries in NATO Germany Yes
83%
Countries that border Brazil Guyana Yes
83%
Capitals of Countries - Country begins with A or B Khartoum No
83%
Countries whose currency is the Dollar Laos No
83%
Capitals of Countries - Country begins with A or B Managua No
83%
Capitals of Countries - Country begins with M or S Niamey No
83%
Countries that border Russia North Korea Yes
83%
Countries larger than 1,000,000 km2 Somalia No
83%
Island Countries United Kingdom Yes
83%
Countries with Spanish as an official language United States No
83%
Countries that border Brazil Uruguay Yes
83%
Flags of Countries in Europe Yes
82%
Flags of Countries in Asia Yes
82%
Shapes of Countries in North America No
82%
Countries that border Germany Austria Yes
82%
Landlocked Countries Bosnia and Herzegovina No
82%
Countries with Portuguese as an official language Brazil Yes
82%
Countries that border the Caribbean Sea Canada No
82%
Countries with a GDP of over $750 billion
*GDP nominal, US Dollar, IMF 2021
China Yes
82%
Countries that border only one other country East Timor Yes
82%
Countries that border the Caribbean Sea Ecuador No
82%
Countries that border the Caribbean Sea Jamaica Yes
82%
Countries that border the Mediterranean Sea
*Includes Marginal Seas, but not the Black Sea
Kosovo No
82%
Landlocked Countries Niger Yes
82%
Countries with a GDP of over $750 billion
*GDP nominal, US Dollar, IMF 2021
Poland No
82%
Countries that border the Mediterranean Sea
*Includes Marginal Seas, but not the Black Sea
Romania No
82%
Countries that border China Russia Yes
82%
Countries that border the Mediterranean Sea
*Includes Marginal Seas, but not the Black Sea
Serbia No
82%
Countries whose flag contains red, white and blue
*Can also have other colors
Sierra Leone No
82%
Landlocked Countries Slovenia No
82%
Countries that border the Mediterranean Sea
*Includes Marginal Seas, but not the Black Sea
Spain Yes
82%
Countries that border 7 or more countries Spain No
82%
Countries whose flag contains red and green
*Can also have other colors
Thailand No
82%
Countries with a GDP of over $750 billion
*GDP nominal, US Dollar, IMF 2021
Thailand No
82%
Flags of Countries in Europe Yes
81%
Shapes of Countries in Africa No
81%
Shapes of Countries in Africa No
81%
Lakes in the Americas Aral Sea No
81%
Countries that border France Austria No
81%
Capitals of Countries in the Americas Bogota Yes
81%
Capitals of Countries in Oceania Conakry No
81%
Countries in NATO Cuba No
81%
Countries whose currency is the Dollar Egypt No
81%
Countries that are Republics France Yes
81%
Islands larger than 100,000 km2 Great Britain Yes
81%
Countries with Spanish as an official language Honduras Yes
81%
Lakes in the Americas Lake Chad No
81%
Countries that are Republics Liechtenstein No
81%
Countries that border France Luxembourg Yes
81%
Countries with a GDP per capita of over $45,000
*GDP per capita nominal, US Dollar, World Bank 2019
Monaco Yes
81%
Countries that border Russia Romania No
81%
Islands larger than 100,000 km2 Tasmania No
81%
Countries that are Republics Thailand No
81%
Capitals of Countries in Oceania Ulaanbaatar No
81%
Countries in the bottom 20 most populous Vatican City Yes
81%
Flags of Countries in Asia Yes
80%
Shapes of Countries in North America Yes
80%
Rivers in the Top 20 by Length Amazon Yes
80%
Capitals of Countries in Asia Amman Yes
80%
Countries whose flag contains red, white and blue
*Can also have other colors
Australia Yes
80%
Countries where at least one of the top three most populous Cities begin with A, B or C
*City Proper Population
Belgium Yes
80%
Countries in the Southern Hemisphere
*Could be entirely, mostly or partially below the Equator
Brazil Yes
80%
Countries in the Southern Hemisphere
*Could be entirely, mostly or partially below the Equator
Chad No
80%
Countries larger than 1,000,000 km2 China Yes
80%
Countries with a Capital beginning with B China Yes
80%
Countries where at least one of the top three most populous Cities begin with A, B or C
*City Proper Population
Egypt Yes
80%
Countries where at least one of the top three most populous Cities begin with A, B or C
*City Proper Population
Germany Yes
80%
Landlocked Countries Kosovo Yes
80%
Countries that border Saudi Arabia Kuwait Yes
80%
Countries that border Saudi Arabia Lebanon No
80%
Countries that border only one other country Lesotho Yes
80%
Countries larger than 1,000,000 km2 Mozambique No
80%
Countries whose flag contains red, white and blue
*Can also have other colors
Myanmar No
80%
Countries that border the Mediterranean Sea
*Includes Marginal Seas, but not the Black Sea
North Macedonia No
80%
Countries where at least one of the top three most populous Cities begin with A, B or C
*City Proper Population
Saudi Arabia No
80%
Capitals of Countries in Asia Tripoli No
80%
Countries that border the Mediterranean Sea
*Includes Marginal Seas, but not the Black Sea
Tunisia Yes
80%
Countries where at least one of the top three most populous Cities begin with A, B or C
*City Proper Population
Tunisia No
80%
Countries that gained independence after 1988 Zimbabwe No
80%
Countries with Arabic as an official language Algeria Yes
79%
Countries that border France Andorra Yes
79%
Countries that border the Caribbean Sea Antigua and Barbuda Yes
79%
Countries in NATO Belgium Yes
79%
Capitals of Countries - Country begins with M or S Belgrade Yes
79%
Countries that border China Cambodia No
79%
Countries that border Brazil Chile No
79%
Countries smaller than 1,000 km2 Cyprus No
79%
Countries that border Germany Denmark Yes
79%
Countries that border Brazil Ecuador No
79%
Countries with Arabic as an official language Ethiopia No
79%
Countries that border Germany France Yes
79%
Countries that border the Caribbean Sea Grenada Yes
79%
Countries that border the Caribbean Sea Haiti Yes
79%
Countries smaller than 1,000 km2 Haiti No
79%
Countries with a GDP of over $750 billion
*GDP nominal, US Dollar, IMF 2021
Iran No
79%
Countries that border Germany Italy No
79%
Countries that border France Italy Yes
79%
Countries in the top 20 most populous Japan Yes
79%
Capitals of Countries - Country begins with A or B Kabul Yes
79%
Capitals of Countries in the Americas Manama No
79%
Capitals of Countries in Africa Manila No
79%
Countries that border France Monaco Yes
79%
Countries with Spanish as an official language Paraguay Yes
79%
Capitals of Countries in the Americas Port-au-Prince Yes
79%
Capitals of Countries in the Americas Quito Yes
79%
Countries in NATO Russia No
79%
Countries that border Germany Switzerland Yes
79%
Countries that border China Taiwan No
79%
Countries that border 7 or more countries Thailand No
79%
Countries that border the Caribbean Sea Trinidad and Tobago Yes
79%
Capitals of Countries - Country begins with A or B Vienna Yes
79%
Flags of Countries in Asia No
78%
Shapes of Countries in Africa No
78%
Countries with Portuguese as an official language Argentina No
78%
Countries with land on the Equator Argentina No
78%
Countries with a Capital beginning with B Belgium Yes
78%
Countries that gained independence after 1988 Belize No
78%
Landlocked Countries Bhutan Yes
78%
Countries with a Capital beginning with B Bolivia No
78%
Countries that border the Mediterranean Sea
*Includes Marginal Seas, but not the Black Sea
Bulgaria No
78%
Countries larger than 1,000,000 km2 Chile No
78%
Capitals of Countries in Asia Doha Yes
78%
Countries that border the Mediterranean Sea
*Includes Marginal Seas, but not the Black Sea
France Yes
78%
Countries whose currency is the Dollar Gambia No
78%
Countries that are Republics Germany Yes
78%
Countries with a Capital beginning with B Malaysia No
78%
Countries with official territorial claims below 60°S (Antarctica) Nauru No
78%
Countries whose currency is the Dollar New Zealand Yes
78%
Countries in the Southern Hemisphere
*Could be entirely, mostly or partially below the Equator
Nigeria No
78%
Countries with Portuguese as an official language Republic of the Congo No
78%
Countries with a Capital beginning with B Trinidad and Tobago No
78%
Countries with land on the Equator Trinidad and Tobago No
78%
Countries that are Republics United States Yes
78%
Countries with Portuguese as an official language Uruguay No
78%
Countries with Portuguese as an official language Venezuela No
78%
Countries whose currency is the Dollar Vietnam No
78%
Shapes of Countries in North America Yes
77%
Countries where at least one of the top three most populous Cities begin with A, B or C
*City Proper Population
Cyprus No
77%
Countries with Arabic as an official language Cyprus No
77%
Countries with Spanish as an official language Dominican Republic Yes
77%
Capitals of Countries - Country begins with A or B Dushanbe No
77%
Countries where at least one of the top three most populous Cities begin with A, B or C
*City Proper Population
France No
77%
Countries with English as an official language Haiti No
77%
Countries where at least one of the top three most populous Cities begin with A, B or C
*City Proper Population
Japan No
77%
Countries in the Commonwealth Kazakhstan No
77%
Countries with Arabic as an official language Lebanon Yes
77%
Capitals of Countries in Africa N'Djamena Yes
77%
Countries that border China North Korea Yes
77%
Countries whose flag contains red, white and blue
*Can also have other colors
Poland No
77%
Capitals of Countries - Country begins with M or S Rabat Yes
77%
Countries with French as an official language Suriname No
77%
Countries where at least one of the top three most populous Cities begin with A, B or C
*City Proper Population
Switzerland Yes
77%
Capitals of Countries - Country begins with M or S Ulaanbaatar Yes
77%
Countries in the Commonwealth United Kingdom Yes
77%
Countries that border Brazil Venezuela Yes
77%
Flags of Countries in Europe Yes
76%
Flags of Countries in Asia Yes
76%
Countries with a Capital beginning with B Angola No
76%
Countries that border 7 or more countries Argentina No
76%
Countries with official territorial claims below 60°S (Antarctica) Argentina Yes
76%
Countries with official territorial claims below 60°S (Antarctica) Australia Yes
76%
Countries whose flag contains red and green
*Can also have other colors
Barbados No
76%
Countries with a Capital beginning with B Benin No
76%
Countries that border the Mediterranean Sea
*Includes Marginal Seas, but not the Black Sea
Bosnia and Herzegovina Yes
76%
Countries with land on the Equator Brazil Yes
76%
Countries with official territorial claims below 60°S (Antarctica) Brazil No
76%
Countries that gained independence after 1988 Brunei No
76%
Countries with land on the Equator Ecuador Yes
76%
Countries with official territorial claims below 60°S (Antarctica) Japan No
76%
Lakes in the Americas Lake Baikal No
76%
Lakes in the Americas Lake Tanganyika No
76%
Countries in NATO Mexico No
76%
Countries that border the Mediterranean Sea
*Includes Marginal Seas, but not the Black Sea
Montenegro Yes
76%
Capitals of Countries in Asia Yerevan Yes
76%
Shapes of Countries in Africa Yes
75%
Capitals of Countries in Africa Abuja Yes
75%
Countries in the top 20 most populous Australia No
75%
Countries with Arabic as an official language Bahrain Yes
75%
Countries in the top 20 most populous Kenya No
75%
Landlocked Countries Malawi Yes
75%
Capitals of Countries in Oceania Maputo No
75%
Countries whose flag contains red, white and blue
*Can also have other colors
Mauritania No
75%
Capitals of Countries in Africa Mbabane Yes
75%
Landlocked Countries Moldova Yes
75%
Countries that border only one other country Papua New Guinea Yes
75%
Countries with Spanish as an official language Philippines No
75%
Countries where at least one of the top three most populous Cities begin with A, B or C
*City Proper Population
Argentina Yes
74%
Countries where at least one of the top three most populous Cities begin with S, T or V
*City Proper Population
Austria Yes
74%
Countries with English as an official language Bangladesh No
74%
Countries that border Germany Belgium Yes
74%
Capitals of Countries in Asia Bishkek Yes
74%
Countries in NATO Canada Yes
74%
Countries with a GDP of over $750 billion
*GDP nominal, US Dollar, IMF 2021
Canada Yes
74%
Countries with English as an official language Central African Republic No
74%
Countries that border Brazil Colombia Yes
74%
Countries with English as an official language Cyprus No
74%
Countries where at least one of the top three most populous Cities begin with S, T or V
*City Proper Population
Egypt No
74%
Capitals of Countries in the Americas Kingston Yes
74%
Lakes in the Americas Lake Superior Yes
74%
Lakes in the Americas Lake Winnipeg Yes
74%
Countries that border Germany Liechtenstein No
74%
Rivers in the Top 20 by Length Mississippi-Missouri Yes
74%
Countries that border China Myanmar Yes
74%
Countries in the top 20 most populous Nigeria Yes
74%
Countries in NATO Norway Yes
74%
Countries in the bottom 20 most populous Palau Yes
74%
Countries in the Southern Hemisphere
*Could be entirely, mostly or partially below the Equator
Paraguay Yes
74%
Capitals of Countries - Country begins with M or S Riyadh Yes
74%
Countries that border Germany Slovakia No
74%
Countries where at least one of the top three most populous Cities begin with A, B or C
*City Proper Population
Spain Yes
74%
Countries in the top 20 most populous Tanzania No
74%
Countries smaller than 1,000 km2 Trinidad and Tobago No
74%
Countries that border China Turkmenistan No
74%
Countries with English as an official language United Arab Emirates No
74%
Countries that border China Uzbekistan No
74%
Capitals of Countries in Europe Vaduz Yes
74%
Flags of Countries in Asia Yes
73%
Countries that border 7 or more countries China Yes
73%
Countries with a Capital beginning with B Hungary Yes
73%
Countries that border Saudi Arabia Iran No
73%
Countries that border 7 or more countries Mauritania No
73%
Capitals of Countries in Africa Muscat No
73%
Capitals of Countries in Africa Palikir No
73%
Countries that border Russia Poland Yes
73%
Countries that gained independence after 1988 Saint Kitts and Nevis No
73%
Countries with a Capital beginning with B Sri Lanka No
73%
Countries with official territorial claims below 60°S (Antarctica) United Kingdom Yes
73%
Capitals of Countries in Africa Yaren No
73%
Shapes of Countries in Africa Yes
72%
Countries in the Commonwealth Australia Yes
72%
Countries in the bottom 20 most populous Brunei No
72%
Countries with French as an official language Cape Verde No
72%
Countries in the bottom 20 most populous Djibouti No
72%
Countries with French as an official language Gambia No
72%
Capitals of Countries in Europe Podgorica Yes
72%
Capitals of Countries in Asia Sri Jayawardenepura Kotte Yes
72%
Countries that are Republics Tonga No
72%
Flags of Countries in Asia No
71%
Countries in NATO Andorra No
71%
Capitals of Countries in Africa Bandar Seri Begawan No
71%
Landlocked Countries D. R. Congo No
71%
Countries where at least one of the top three most populous Cities begin with S, T or V
*City Proper Population
D. R. Congo No
71%
Countries that border Russia Georgia Yes
71%
Countries where at least one of the top three most populous Cities begin with S, T or V
*City Proper Population
Germany No
71%
Countries with official territorial claims below 60°S (Antarctica) Germany No
71%
Countries whose flag contains red and green
*Can also have other colors
Honduras No
71%
Countries with a GDP of over $750 billion
*GDP nominal, US Dollar, IMF 2021
India Yes
71%
Capitals of Countries in Oceania Jakarta No
71%
Countries whose flag contains red and green
*Can also have other colors
Madagascar Yes
71%
Countries that gained independence after 1988 Nauru No
71%
Countries with a GDP of over $750 billion
*GDP nominal, US Dollar, IMF 2021
Sweden No
71%
Capitals of Countries - Country begins with M or S Antananarivo Yes
70%
Rivers in the Top 20 by Length Colorado No
70%
Countries with land on the Equator D. R. Congo Yes
70%
Countries that border 7 or more countries France Yes
70%
Countries that border only one other country Gambia Yes
70%
Countries in the bottom 20 most populous Monaco Yes
70%
Countries in the bottom 20 most populous Nauru Yes
70%
Countries whose flag contains red, white and blue
*Can also have other colors
Papua New Guinea No
70%
Islands larger than 100,000 km2 Sri Lanka No
70%
Rivers in the Top 20 by Length Ural No
70%
Countries in the Southern Hemisphere
*Could be entirely, mostly or partially below the Equator
Venezuela No
70%
Shapes of Countries in Africa Yes
69%
Shapes of Countries in Africa Yes
69%
Countries whose currency is the Dollar Bolivia No
69%
Countries where at least one of the top three most populous Cities begin with S, T or V
*City Proper Population
Canada Yes
69%
Countries with official territorial claims below 60°S (Antarctica) Chile Yes
69%
Countries with a Capital beginning with B D. R. Congo No
69%
Lakes in the Americas Great Salt Lake Yes
69%
Countries that border the Mediterranean Sea
*Includes Marginal Seas, but not the Black Sea
Jordan No
69%
Countries that are Republics Luxembourg No
69%
Countries that border the Caribbean Sea Mexico Yes
69%
Capitals of Countries in Africa Niamey Yes
69%
Countries that are Republics Norway No
69%
Flags of Countries in Europe Yes
68%
Countries with a GDP per capita of over $45,000
*GDP per capita nominal, US Dollar, World Bank 2019
Bahamas No
68%
Countries that border only one other country Brunei Yes
68%
Countries larger than 1,000,000 km2 D. R. Congo Yes
68%
Countries in the Southern Hemisphere
*Could be entirely, mostly or partially below the Equator
East Timor Yes
68%
Countries that border Saudi Arabia Egypt No
68%
Islands larger than 100,000 km2 Hispaniola No
68%
Islands larger than 100,000 km2 Ireland No
68%
Countries whose flag contains red and green
*Can also have other colors
Jamaica No
68%
Countries with a GDP per capita of over $45,000
*GDP per capita nominal, US Dollar, World Bank 2019
Liechtenstein Yes
68%
Countries larger than 1,000,000 km2 Mongolia Yes
68%
Countries with a GDP per capita of over $45,000
*GDP per capita nominal, US Dollar, World Bank 2019
Qatar Yes
68%
Countries with a GDP of over $750 billion
*GDP nominal, US Dollar, IMF 2021
Saudi Arabia Yes
68%
Countries whose flag contains red and green
*Can also have other colors
Tonga No
68%
Flags of Countries in Asia Yes
67%
Countries smaller than 1,000 km2 Bahrain Yes
67%
Countries that border China Bangladesh No
67%
Countries that border the Caribbean Sea Honduras Yes
67%
Countries where at least one of the top three most populous Cities begin with S, T or V
*City Proper Population
India No
67%
Countries in the Commonwealth Iraq No
67%
Capitals of Countries in the Americas Kingstown Yes
67%
Lakes in the Americas Lake Ladoga No
67%
Countries smaller than 1,000 km2 Saint Lucia Yes
67%
Countries that border 7 or more countries South Africa No
67%
Countries with Arabic as an official language Sudan Yes
67%
Countries in the Commonwealth Suriname No
67%
Countries with Arabic as an official language Turkey No
67%
Shapes of Countries in North America Yes
66%
Countries where at least one of the top three most populous Cities begin with A, B or C
*City Proper Population
Andorra Yes
66%
Capitals of Countries in Asia Ashgabat Yes
66%
Countries larger than 1,000,000 km2 Central African Republic No
66%
Countries whose flag contains red, white and blue
*Can also have other colors
Fiji Yes
66%
Islands larger than 100,000 km2 Hokkaido No
66%
Countries that border Saudi Arabia Iraq Yes
66%
Countries that border Saudi Arabia Israel No
66%
Countries with French as an official language Mali Yes
66%
Countries with a GDP of over $750 billion
*GDP nominal, US Dollar, IMF 2021
Norway No
66%
Countries whose flag contains red, white and blue
*Can also have other colors
Singapore No
66%
Countries that border Russia Armenia No
65%
Countries with a GDP per capita of over $45,000
*GDP per capita nominal, US Dollar, World Bank 2019
Australia Yes
65%
Capitals of Countries in Africa Dodoma Yes
65%
Capitals of Countries in Oceania Port Moresby Yes
65%
Landlocked Countries Republic of the Congo No
65%
Capitals of Countries in Oceania Saint George's No
65%
Countries in the bottom 20 most populous Tuvalu Yes
65%
Countries that gained independence after 1988 Belarus Yes
64%
Countries that are Republics Belgium No
64%
Countries that border the Caribbean Sea Belize Yes
64%
Countries that border 7 or more countries Brazil Yes
64%
Countries where at least one of the top three most populous Cities begin with S, T or V
*City Proper Population
Brazil Yes
64%
Countries that border 7 or more countries Kazakhstan No
64%
Lakes in the Americas Lake Erie Yes
64%
Lakes in the Americas Lake Victoria No
64%
Countries with official territorial claims below 60°S (Antarctica) New Zealand Yes
64%
Countries that border Brazil Peru Yes
64%
Countries in the Southern Hemisphere
*Could be entirely, mostly or partially below the Equator
Thailand No
64%
Capitals of Countries in Asia Thimphu Yes
64%
Countries whose flag contains red and green
*Can also have other colors
Eswatini No
63%
Capitals of Countries - Country begins with A or B Nassau Yes
63%
Countries with Arabic as an official language Niger No
63%
Capitals of Countries in Africa Nuku'alofa No
63%
Capitals of Countries in Oceania Nuku'alofa Yes
63%
Countries in the bottom 20 most populous Saint Kitts and Nevis Yes
63%
Island Countries Singapore Yes
63%
Capitals of Countries in Africa Victoria Yes
63%
Rivers in the Top 20 by Length Yellow Yes
63%
Countries with a Capital beginning with B Azerbaijan Yes
62%
Countries with English as an official language Belize Yes
62%
Countries with a Capital beginning with B Brunei Yes
62%
Countries in the Southern Hemisphere
*Could be entirely, mostly or partially below the Equator
Ecuador Yes
62%
Countries that border the Caribbean Sea El Salvador No
62%
Countries in the Commonwealth India Yes
62%
Lakes in the Americas Lake Nicaragua Yes
62%
Countries that gained independence after 1988 Moldova Yes
62%
Countries in the Southern Hemisphere
*Could be entirely, mostly or partially below the Equator
Nauru Yes
62%
Countries that gained independence after 1988 North Macedonia Yes
62%
Countries where at least one of the top three most populous Cities begin with S, T or V
*City Proper Population
Russia Yes
62%
Countries where at least one of the top three most populous Cities begin with S, T or V
*City Proper Population
Vietnam No
62%
Shapes of Countries in Africa Yes
61%
Countries whose flag contains red and green
*Can also have other colors
Guinea-Bissau Yes
61%
Countries with a GDP per capita of over $45,000
*GDP per capita nominal, US Dollar, World Bank 2019
Iceland Yes
61%
Rivers in the Top 20 by Length Rhine No
61%
Countries with Portuguese as an official language São Tomé and Príncipe Yes
61%
Countries with a GDP per capita of over $45,000
*GDP per capita nominal, US Dollar, World Bank 2019
United States Yes
61%
Rivers in the Top 20 by Length Zambezi No
61%
Countries with Arabic as an official language Azerbaijan No
60%
Countries that border France Brazil Yes
60%
Countries in NATO Czech Republic Yes
60%
Capitals of Countries - Country begins with M or S Dakar Yes
60%
Capitals of Countries in Oceania Funafuti Yes
60%
Countries that gained independence after 1988 Kyrgyzstan Yes
60%
Countries with land on the Equator Malaysia No
60%
Capitals of Countries in Africa Malé No
60%
Countries that border Russia Norway Yes
60%
Countries in the Southern Hemisphere
*Could be entirely, mostly or partially below the Equator
Peru Yes
60%
Countries with land on the Equator Republic of the Congo Yes
60%
Countries smaller than 1,000 km2 Tonga Yes
60%
Countries that gained independence after 1988 Uzbekistan Yes
60%
Countries with land on the Equator Venezuela No
60%
Flags of Countries in Asia Yes
59%
Shapes of Countries in North America Yes
59%
Countries that border China Laos Yes
59%
Countries that border Saudi Arabia Syria No
59%
Countries that border China Thailand No
59%
Countries smaller than 1,000 km2 Andorra Yes
58%
Countries whose flag contains red and green
*Can also have other colors
Armenia No
58%
Countries in the Southern Hemisphere
*Could be entirely, mostly or partially below the Equator
Cameroon No
58%
Countries that gained independence after 1988 Eritrea Yes
58%
Countries with official territorial claims below 60°S (Antarctica) France Yes
58%
Countries whose flag contains red and green
*Can also have other colors
Gabon No
58%
Countries with French as an official language Gabon Yes
58%
Countries in the Southern Hemisphere
*Could be entirely, mostly or partially below the Equator
Kiribati Yes
58%
Countries in the bottom 20 most populous Liechtenstein Yes
58%
Countries in the bottom 20 most populous Malta No
58%
Countries whose flag contains red and green
*Can also have other colors
Republic of the Congo Yes
58%
Capitals of Countries in the Americas Roseau Yes
58%
Shapes of Countries in North America Yes
57%
Islands larger than 100,000 km2 Borneo Yes
57%
Countries with French as an official language D. R. Congo Yes
57%
Island Countries East Timor Yes
57%
Countries in the top 20 most populous Egypt Yes
57%
Countries in NATO Estonia Yes
57%
Countries in the top 20 most populous Ethiopia Yes
57%
Countries in the top 20 most populous Germany Yes
57%
Lakes in the Americas Lake Onega No
57%
Islands larger than 100,000 km2 New Guinea Yes
57%
Countries that border France Suriname Yes
57%
Countries in NATO Switzerland No
57%
Countries where at least one of the top three most populous Cities begin with S, T or V
*City Proper Population
United States No
57%
Shapes of Countries in Africa Yes
56%
Countries smaller than 1,000 km2 Brunei No
56%
Countries in the Southern Hemisphere
*Could be entirely, mostly or partially below the Equator
Brunei No
56%
Countries with land on the Equator Central African Republic No
56%
Countries that gained independence after 1988 Djibouti No
56%
Countries that gained independence after 1988 East Timor Yes
56%
Countries with Arabic as an official language Mauritania Yes
56%
Countries with land on the Equator Papua New Guinea No
56%
Countries that are Republics Portugal Yes
56%
Capitals of Countries in the Americas Saint John's Yes
56%
Countries whose currency is the Dollar Sierra Leone No
56%
Countries smaller than 1,000 km2 Singapore Yes
56%
Countries in the Southern Hemisphere
*Could be entirely, mostly or partially below the Equator
Singapore No
56%
Countries that are Republics Turkey Yes
56%
Countries that border the Caribbean Sea Venezuela Yes
56%
Countries whose flag contains red and green
*Can also have other colors
Benin Yes
55%
Lakes in the Americas Great Slave Lake Yes
55%
Countries with French as an official language Guinea-Bissau No
55%
Countries with a GDP per capita of over $45,000
*GDP per capita nominal, US Dollar, World Bank 2019
Ireland Yes
55%
Lakes in the Americas Lake Titicaca Yes
55%
Countries whose flag contains red and green
*Can also have other colors
Oman Yes
55%
Countries with a GDP of over $750 billion
*GDP nominal, US Dollar, IMF 2021
Switzerland Yes
55%
Countries with French as an official language Togo Yes
55%
Island Countries Bahrain Yes
54%
Capitals of Countries - Country begins with A or B Belmopan Yes
54%
Countries with land on the Equator Indonesia Yes
54%
Countries that border China Kazakhstan Yes
54%
Rivers in the Top 20 by Length Niger Yes
54%
Countries larger than 1,000,000 km2 Nigeria No
54%
Capitals of Countries in Oceania South Tarawa Yes
54%
Countries in the Commonwealth United Arab Emirates No
54%
Countries with Portuguese as an official language Angola Yes
53%
Countries whose flag contains red and green
*Can also have other colors
Azerbaijan Yes
53%
Countries whose flag contains red and green
*Can also have other colors
Guyana Yes
53%
Countries in the bottom 20 most populous Iceland No
53%
Countries smaller than 1,000 km2 Malta Yes
53%
Countries that gained independence after 1988 Slovakia Yes
53%
Countries that border the Mediterranean Sea
*Includes Marginal Seas, but not the Black Sea
Slovenia Yes
53%
Countries in the top 20 most populous Turkey Yes
53%
Shapes of Countries in North America Yes
52%
Countries with Spanish as an official language Belize No
52%
Countries with Spanish as an official language Equatorial Guinea Yes
52%
Countries in NATO Latvia Yes
52%
Capitals of Countries - Country begins with A or B Manama Yes
52%
Capitals of Countries in Oceania Port Vila Yes
52%
Rivers in the Top 20 by Length Volga Yes
52%
Countries that border the Caribbean Sea Brazil No
51%
Countries smaller than 1,000 km2 Comoros No
51%
Countries in the top 20 most populous D. R. Congo Yes
51%
Countries that border Brazil France Yes
51%
Islands larger than 100,000 km2 Java Yes
51%
Countries in the bottom 20 most populous Marshall Islands Yes
51%
Countries in the Commonwealth Singapore Yes
51%
Countries with official territorial claims below 60°S (Antarctica) South Africa No
51%
Countries where at least one of the top three most populous Cities begin with A, B or C
*City Proper Population
United Kingdom Yes
51%
Countries in the Commonwealth United States No
51%
Countries where at least one of the top three most populous Cities begin with S, T or V
*City Proper Population
China Yes
50%
Countries whose currency is the Dollar Dominica Yes
50%
Countries with land on the Equator Gabon Yes
50%
Countries that are Republics Indonesia Yes
50%
Countries where at least one of the top three most populous Cities begin with S, T or V
*City Proper Population
Libya Yes
50%
Capitals of Countries - Country begins with A or B Luanda Yes
50%
Countries with French as an official language Andorra No
49%
Countries in the bottom 20 most populous Antigua and Barbuda Yes
49%
Countries with Portuguese as an official language Cape Verde Yes
49%
Countries in the bottom 20 most populous Comoros No
49%
Countries smaller than 1,000 km2 Dominica Yes
49%
Countries in the bottom 20 most populous Fiji No
49%
Countries in the bottom 20 most populous Grenada Yes
49%
Capitals of Countries - Country begins with M or S Port Louis Yes
49%
Capitals of Countries - Country begins with M or S Victoria Yes
49%
Shapes of Countries in North America Yes
48%
Countries with Spanish as an official language Andorra No
48%
Countries in NATO Croatia Yes
48%
Countries where at least one of the top three most populous Cities begin with S, T or V
*City Proper Population
Israel Yes
48%
Countries where at least one of the top three most populous Cities begin with S, T or V
*City Proper Population
Italy No
48%
Capitals of Countries in Africa Maseru Yes
48%
Capitals of Countries in Africa Porto-Novo Yes
48%
Rivers in the Top 20 by Length Rio Grande No
48%
Countries with land on the Equator São Tomé and Príncipe Yes
48%
Countries with land on the Equator Somalia Yes
48%
Shapes of Countries in Africa Yes
47%
Countries with a Capital beginning with B Barbados Yes
47%
Countries whose currency is the Dollar Fiji Yes
47%
Capitals of Countries - Country begins with M or S Lilongwe Yes
47%
Countries with a GDP of over $750 billion
*GDP nominal, US Dollar, IMF 2021
Netherlands Yes
47%
Countries with official territorial claims below 60°S (Antarctica) Russia No
47%
Countries smaller than 1,000 km2 São Tomé and Príncipe Yes
47%
Countries that border China Afghanistan Yes
46%
Countries larger than 1,000,000 km2 Iran Yes
46%
Rivers in the Top 20 by Length Mekong Yes
46%
Countries larger than 1,000,000 km2 Sudan Yes
46%
Countries in the Commonwealth Tanzania Yes
46%
Countries where at least one of the top three most populous Cities begin with A, B or C
*City Proper Population
United States Yes
46%
Countries in the Commonwealth Zimbabwe No
46%
Countries with a GDP per capita of over $45,000
*GDP per capita nominal, US Dollar, World Bank 2019
Austria Yes
45%
Islands larger than 100,000 km2 Baffin island Yes
45%
Countries whose flag contains red and green
*Can also have other colors
Burundi Yes
45%
Countries whose flag contains red, white and blue
*Can also have other colors
Cape Verde Yes
45%
Countries in the top 20 most populous France No
45%
Countries with Portuguese as an official language Mozambique Yes
45%
Countries with a GDP per capita of over $45,000
*GDP per capita nominal, US Dollar, World Bank 2019
San Marino Yes
45%
Countries where at least one of the top three most populous Cities begin with S, T or V
*City Proper Population
Uzbekistan Yes
45%
Countries with a Capital beginning with B Central African Republic Yes
44%
Countries in the Southern Hemisphere
*Could be entirely, mostly or partially below the Equator
Gabon Yes
44%
Capitals of Countries in Oceania Honiara Yes
44%
Countries with English as an official language Malta Yes
44%
Capitals of Countries in Africa Moroni Yes
44%
Countries larger than 1,000,000 km2 Pakistan No
44%
Countries with English as an official language Philippines Yes
44%
Countries with land on the Equator Uganda Yes
44%
Countries with Portuguese as an official language East Timor Yes
43%
Flags of Countries in Europe No
42%
Countries whose currency is the Dollar Belize Yes
42%
Capitals of Countries - Country begins with A or B Gaborone Yes
42%
Countries whose currency is the Dollar Guyana Yes
42%
Countries with a GDP of over $750 billion
*GDP nominal, US Dollar, IMF 2021
Indonesia Yes
42%
Countries with official territorial claims below 60°S (Antarctica) Norway Yes
42%
Capitals of Countries - Country begins with A or B Ouagadougou Yes
42%
Countries that border 7 or more countries Saudi Arabia Yes
42%
Countries with official territorial claims below 60°S (Antarctica) United States No
42%
Countries with Portuguese as an official language Guinea-Bissau Yes
41%
Countries in NATO Ireland No
40%
Capitals of Countries - Country begins with A or B Porto-Novo Yes
40%
Capitals of Countries in Oceania Yaren Yes
40%
Countries that border 7 or more countries Austria Yes
39%
Countries whose currency is the Dollar Ecuador Yes
39%
Countries with a GDP per capita of over $45,000
*GDP per capita nominal, US Dollar, World Bank 2019
Italy No
39%
Countries that are Republics Nigeria Yes
39%
Countries with a GDP of over $750 billion
*GDP nominal, US Dollar, IMF 2021
Turkey Yes
39%
Countries with a Capital beginning with B Gambia Yes
38%
Countries in the Commonwealth Guyana Yes
38%
Islands larger than 100,000 km2 Iceland Yes
38%
Countries with English as an official language Palau Yes
38%
Countries with a Capital beginning with B South Africa Yes
38%
Countries in the top 20 most populous Thailand Yes
38%
Countries in the top 20 most populous United Kingdom No
38%
Countries smaller than 1,000 km2 Mauritius No
37%
Islands larger than 100,000 km2 Cuba Yes
36%
Countries whose currency is the Dollar Dominican Republic No
36%
Lakes in the Americas Lake Athabasca Yes
36%
Countries whose flag contains red, white and blue
*Can also have other colors
Namibia Yes
36%
Countries smaller than 1,000 km2 Kiribati Yes
35%
Countries with French as an official language Comoros Yes
34%
Countries whose flag contains red, white and blue
*Can also have other colors
Equatorial Guinea Yes
34%
Countries larger than 1,000,000 km2 Mali Yes
34%
Rivers in the Top 20 by Length Danube No
33%
Countries with English as an official language Eswatini Yes
33%
Countries that border 7 or more countries Iran Yes
33%
Countries in the Commonwealth Ireland No
33%
Countries in the Commonwealth Rwanda Yes
33%
Countries whose flag contains red, white and blue
*Can also have other colors
Azerbaijan Yes
32%
Shapes of Countries in Africa Yes
31%
Countries in NATO Albania Yes
31%
Countries in the Commonwealth Mozambique Yes
31%
Rivers in the Top 20 by Length Indus Yes
30%
Countries that border 7 or more countries Sudan Yes
30%
Countries with Arabic as an official language Chad Yes
29%
Countries where at least one of the top three most populous Cities begin with S, T or V
*City Proper Population
Mexico Yes
29%
Countries in the Commonwealth Cameroon Yes
28%
Countries with Portuguese as an official language Equatorial Guinea Yes
27%
Countries larger than 1,000,000 km2 Mauritania Yes
27%
Countries that border 7 or more countries Turkey Yes
27%
Countries whose flag contains red, white and blue
*Can also have other colors
Venezuela Yes
27%
Countries with a GDP per capita of over $45,000
*GDP per capita nominal, US Dollar, World Bank 2019
Japan No
26%
Countries with a GDP per capita of over $45,000
*GDP per capita nominal, US Dollar, World Bank 2019
United Kingdom No
26%
Countries whose currency is the Dollar Taiwan Yes
25%
Countries with a GDP per capita of over $45,000
*GDP per capita nominal, US Dollar, World Bank 2019
South Korea No
23%
Countries whose flag contains red, white and blue
*Can also have other colors
South Sudan Yes
23%
Countries with French as an official language Vanuatu Yes
23%
Countries whose currency is the Dollar East Timor Yes
22%
Countries in NATO Austria No
21%
Countries with Arabic as an official language Comoros Yes
21%
Countries with English as an official language South Sudan Yes
21%
Countries that border 7 or more countries Zambia Yes
21%
Countries that gained independence after 1988 Namibia Yes
20%
Countries larger than 1,000,000 km2 Peru Yes
20%
Countries whose currency is the Dollar Namibia Yes
19%
Countries that are Republics Vanuatu Yes
19%
Countries with a GDP per capita of over $45,000
*GDP per capita nominal, US Dollar, World Bank 2019
United Arab Emirates No
13%
Lakes in the Americas Lake Valencia Yes
12%
Rivers in the Top 20 by Length Murray-Darling Yes
9%
Rivers in the Top 20 by Length Amur Yes
7%
No matching quizzes found
Score Distribution
Percent of People with Each Score
Percentile by Number Answered
Your Score History
You have not taken this quiz